01070 2200193 4500001002100000005001500021035002000036245007400056100002400130250001700154300002800171260003100199082001100230084001700241020002200258650001600280520054000296500004000836INLIS00000000000001420240318052319 a0010-03240000141 aUzair, Dibangkitkan Setelah Tertidur 100 Tahun /cRirin Astutiningrum0 aRirin Astutiningrum acetakan ke-1 a36 hlm :bilus ;c24 cm aSolo :bTiga Ananda,c2017 a2X1.61 a2X1.61 RIR u a978-602-366-301-9 4aReligi Anak a“Uzair adalah seorang alim yang mengajarkan Taurat kepada Bani Israil. Sebagian ulama ada yang menyebut Uzair adalah seorang nabi. Suatu hari Uzair dan kedelainya melajukan perjalanan ke sebuah tempat. Karena kelelahan, Uzair tertidur di tempat itu hingga waktu yang sangat lama. Keledainya sampai mati dan menjadi tulang-belulang. Uzair bangun dari tidurnya seratus tahun kemudian. Keledainya pun dapat hidup kembali. Ia ingin kembali kepada Bani Israil. Namun, akankah kaumnya percaya kepada Uzair? Baca, yuk, di buku ini!” aKisah Kisah Dahsyat Dalam Al-Qur'an